000 01652nam0a2200337 4500
001 RU\NLR\bibl\487240
005 20250623194306.0
010 _a5-7743-0095-1
_9100
021 _aRU
_b2003-70350
_93481
035 _a(NLR Aleph) 000479938
090 _a1047248
_c1047248
100 _a20040205d2003 |||y0rusy50 ca
101 0 _arus
102 _aRU
105 _ay |||||||||
200 1 _aРесоциализация несовершеннолетних осужденных женского пола, отбывающих наказание в виде лишения свободы (организационный, правовой и психолого-педагогический аспекты)
_fВ.Н. Савардунова
_gМ-во юстиции Рос. Федерации, Акад. права и упр.
210 _aРязань
_cАкад. права и упр.
_d2003
215 _a166 с.
_d20
320 _aБиблиогр. в примеч.: с. 149-156
606 0 _aНесовершеннолетние, отбывающие наказание
_xРесоциализация
_92329263
_3RU\NLR\auth\661392987
606 0 _aНесовершеннолетние, отбывающие наказание
_xПеревоспитание
_yРоссийская Федерация
_92111562
_3RU\NLR\auth\661276093
686 _aС550.325.2
686 _aС550.8
686 _aХ628.414
700 1 _aСавардунова
_bВ. Н.
_gВита Николаевна
_4070
801 0 _aRU
_bNLR
_c20040205
_gPSBO
801 1 _aRU
_bNLR
_c20040205
830 _aАвт. по кн.
942 _cBOOK
980 _aNB